000 00567cam a2200217 4500
001 3584050
005 20180207033154.0
008 710119s1959 paua b 001 0 eng
010 _a 59005960
040 _aDLC
_cDLC
_dDLC
041 _aeng
080 _a616.5
082 0 0 _a616.5 LEW
100 1 _a7
101 _aDER
240 1 0 _aPractical dermatology for medical students and general practitioners
245 1 0 _aPractical dermatology.
504 _aIncludes bibliography.
906 _a7
_bcbc
_corignew
_du
_eocip
_f19
_gy-gencatlg
942 _2ddc
_cBK
999 _c41970
_d41970